[Event "San Francisco TNM Fall op"]
[Site "San Francisco"]
[Date "2017.12.05"]
[Round "7"]
[White "Marcus, Joel"]
[Black "MacIntyre, Brendan"]
[Result "1-0"]
[WhiteElo "1920"]
[BlackElo "1560"]
[PlyCount "91"]
[EventDate "2017.10.24"]
[EventType "swiss"]
[EventRounds "9"]
[EventCountry "USA"]
[SourceTitle "EXT 2023"]
[Source "ChessBase"]
[SourceDate "2022.10.05"]
[SourceVersion "1"]
[SourceVersionDate "2022.10.05"]
[SourceQuality "1"]

1. d4 d5 2. Bf4 Nf6 3. Nf3 Bf5 4. e3 e6 5. c3 Bd6 6. Nbd2 Bxf4 7. exf4 Nbd7 8. Ne5 c5 9. Ndf3 0-0 10. Bd3 Bxd3 11. Qxd3 Ne4 12. 0-0 Rc8 13. Nxd7 Qxd7 14. Ne5 Qe7 15. f3 Nd6 16. Rfe1 cxd4 17. Qxd4 b6 18. Qd3 Qc7 19. Kh1 Nc4 20. Re2 Rfd8 21. Rae1 Nxe5 22. Rxe5 Qc4 23. Qd2 Qxa2 24. f5 exf5 25. Rxf5 Qc4 26. Rfe5 a5 27. Qe3 Qc6 28. Re7 a4 29. Qf4 Rf8 30. Qe5 b5 31. h3 a3 32. bxa3 Qxc3 33. Qxd5 Qc4 34. Qb7 g6 35. Qb6 Rb8 36. Qf6 Qb3 37. h4 h5 38. g4 Qd5 39. R7e5 Qd7 40. Kh2 Rfe8 41. gxh5 Rxe5 42. Qxe5 Rf8 43. hxg6 fxg6 44. Rg1 Kh7 45. h5 Rxf3 46. hxg6+ 1-0

[Event "San Francisco Grey Memorial"]
[Site "San Francisco"]
[Date "2017.08.29"]
[Round "4"]
[White "Poling, Scott"]
[Black "MacIntyre, Brendan"]
[Result "1-0"]
[WhiteElo "1837"]
[BlackElo "1519"]
[PlyCount "93"]
[EventDate "2017.08.08"]
[EventType "swiss"]
[EventRounds "9"]
[EventCountry "USA"]
[SourceTitle "EXT 2023"]
[Source "ChessBase"]
[SourceDate "2022.10.05"]
[SourceVersion "1"]
[SourceVersionDate "2022.10.05"]
[SourceQuality "1"]

1. d4 d5 2. c4 c6 3. cxd5 cxd5 4. Bf4 e6 5. e3 Bd7 6. Bd3 Nf6 7. Nc3 Bc6 8. Nf3 Bd6 9. Ne5 Bxe5 10. Bxe5 0-0 11. 0-0 Nbd7 12. Bg3 Ne4 13. Qc2 f5 14. Rac1 Rc8 15. Qe2 Ndf6 16. Bh4 Qa5 17. f3 Nxc3 18. Rxc3 Bd7 19. Ra3 Qb6 20. Rb3 Qa5 21. Be1 Qc7 22. Bg3 Qa5 23. Rxb7 Qxa2 24. Ba6 Rcd8 25. Be1 Rb8 26. Bb4 Rxb7 27. Bxb7 Rf7 28. Ba3 Qb3 29. Qa6 Qa4 30. Rc1 Qxa6 31. Bxa6 Ne8 32. Rc3 g5 33. Rb3 Kg7 34. Rb7 Bc6 35. Rb8 Nc7 36. Bd3 Ne8 37. Kf2 Rb7 38. Rc8 Bd7 39. Rd8 Kf7 40. Ba6 Rc7 41. Bc5 Bc6 42. b4 h5 43. b5 Bb7 44. Rb8 Bxa6 45. bxa6 Rc6 46. Rb7+ Rc7 47. Bd6 1-0

[Event "San Francisco TNM Summer op"]
[Site "San Francisco"]
[Date "2017.06.27"]
[Round "6"]
[White "Krasnov, Steven Lender"]
[Black "MacIntyre, Brendan"]
[Result "1-0"]
[WhiteElo "1989"]
[BlackElo "1500"]
[PlyCount "93"]
[EventDate "2017.05.23"]
[EventType "swiss"]
[EventRounds "8"]
[EventCountry "USA"]
[SourceTitle "EXT 2023"]
[Source "ChessBase"]
[SourceDate "2022.10.05"]
[SourceVersion "1"]
[SourceVersionDate "2022.10.05"]
[SourceQuality "1"]

1. e4 c5 2. Nc3 Nc6 3. Bb5 d6 4. Bxc6+ bxc6 5. d3 g6 6. h3 Bg7 7. Be3 Nf6 8. Nge2 Rb8 9. Rb1 0-0 10. 0-0 Nd7 11. Qd2 Re8 12. f4 e6 13. Nd1 d5 14. c3 Qa5 15. b3 d4 16. cxd4 Qxd2 17. Bxd2 cxd4 18. Nb2 Ba6 19. Rbc1 c5 20. Nc4 Bxc4 21. Rxc4 Bf8 22. Rfc1 f5 23. Ng3 Bd6 24. e5 Bf8 25. Kf2 Nb6 26. R4c2 Nd5 27. Ne2 Be7 28. g4 fxg4 29. hxg4 Rf8 30. Kg2 Rf7 31. Rf1 Rbf8 32. Rcc1 Kg7 33. Rf3 g5 34. Rcf1 h6 35. f5 exf5 36. gxf5 Kh7 37. Ng3 Rg8 38. Ne4 Rb8 39. f6 Nxf6 40. Nxf6+ Kg6 41. Nd5 Rg7 42. e6 Bd8 43. Rf7 Rg8 44. e7 Bb6 45. R1f6+ Kh5 46. Kg3 Rh8 47. Rf8 1-0

[Event "San Francisco TNM Spring op"]
[Site "San Francisco"]
[Date "2017.03.21"]
[Round "2"]
[White "MacIntyre, Brendan"]
[Black "Argo, Guy M"]
[Result "0-1"]
[WhiteElo "1502"]
[BlackElo "1974"]
[PlyCount "54"]
[EventDate "2017.03.14"]
[EventType "swiss"]
[EventRounds "8"]
[EventCountry "USA"]
[SourceTitle "EXT 2023"]
[Source "ChessBase"]
[SourceDate "2022.10.05"]
[SourceVersion "1"]
[SourceVersionDate "2022.10.05"]
[SourceQuality "1"]

1. d4 e6 2. c4 b6 3. Nc3 Bb4 4. a3 Bxc3+ 5. bxc3 f5 6. Nf3 Nf6 7. Bg5 0-0 8. e3 Qe8 9. Bd3 Ne4 10. 0-0 Qg6 11. Bf4 d6 12. Bxe4 fxe4 13. Nd2 Bb7 14. Rb1 Nd7 15. Rb5 Rf5 16. Rxf5 Qxf5 17. f3 exf3 18. Nxf3 Nf6 19. Nh4 Qa5 20. Bg3 Rf8 21. Qb3 Ne4 22. Qb4 Qg5 23. Nf3 Qxe3+ 24. Kh1 Nxc3 25. Bf2 Qxf3 26. gxf3 Bxf3+ 27. Kg1 Ne2# 0-1

[Event "San Francisco TNM Winter op"]
[Site "San Francisco"]
[Date "2017.01.31"]
[Round "5"]
[White "Campers, William"]
[Black "MacIntyre, Brendan"]
[Result "1-0"]
[WhiteElo "1747"]
[BlackElo "1611"]
[PlyCount "85"]
[EventDate "2017.01.03"]
[EventType "swiss"]
[EventRounds "8"]
[EventCountry "USA"]
[SourceTitle "EXT 2018"]
[Source "ChessBase"]
[SourceDate "2017.10.13"]
[SourceVersion "1"]
[SourceVersionDate "2017.10.13"]
[SourceQuality "1"]

1. e4 c5 2. Nf3 Nc6 3. d4 cxd4 4. Nxd4 Nf6 5. Nc3 g6 6. f3 Bg7 7. Be3 0-0 8. Qd2 d5 9. Nxc6 bxc6 10. exd5 cxd5 11. 0-0-0 e6 12. Bh6 a5 13. Bxg7 Kxg7 14. Bb5 Bd7 15. Bxd7 Qxd7 16. h4 a4 17. a3 Rab8 18. Na2 Rfc8 19. Nb4 Rc4 20. Kb1 Ne8 21. h5 Nd6 22. hxg6 hxg6 23. Qh6+ Kf6 24. g4 Qb7 25. g5+ Ke7 26. Qg7 Rf4 27. Qe5 Rf5 28. Nxd5+ Qxd5 29. Rxd5 Rxe5 30. Rxe5 Nc4 31. Rc5 Nd2+ 32. Kc1 Nxf3 33. Rc7+ Kd6 34. Rxf7 Nxg5 35. Ra7 e5 36. Rg1 Ne4 37. Rxg6+ Kd5 38. Rxa4 Rf8 39. Rg1 Nf2 40. Re1 Rc8 41. Kd2 Rc5 42. Rh4 Rb5 43. c4+ 1-0

[Event "San Francisco TNM Winter op"]
[Site "San Francisco"]
[Date "2017.01.17"]
[Round "3"]
[White "MacIntyre, Brendan"]
[Black "Boldi, Nicholas Armen"]
[Result "1-0"]
[WhiteElo "1611"]
[BlackElo "1277"]
[PlyCount "47"]
[EventDate "2017.01.03"]
[EventType "swiss"]
[EventRounds "8"]
[EventCountry "USA"]
[SourceTitle "EXT 2018"]
[Source "ChessBase"]
[SourceDate "2017.10.13"]
[SourceVersion "1"]
[SourceVersionDate "2017.10.13"]
[SourceQuality "1"]

1. d4 e6 2. c4 d5 3. Nc3 Nf6 4. Nf3 Nc6 5. Bf4 Bb4 6. e3 Ne4 7. Qc2 Nxc3 8. bxc3 Be7 9. Bd3 h6 10. 0-0 Bd7 11. Rab1 b6 12. e4 Bc8 13. exd5 exd5 14. cxd5 Qxd5 15. Be4 Qc4 16. Ne5 Nxe5 17. Bxa8 Ng6 18. Bg3 c6 19. Qe4 Bd7 20. Bd6 Qe6 21. Qxe6 fxe6 22. Bg3 Kf7 23. Bb7 Rb8 24. Bxb8 1-0

[Event "San Francisco TNM Fall op"]
[Site "San Francisco"]
[Date "2016.12.13"]
[Round "9"]
[White "Abraham, Michael David"]
[Black "MacIntyre, Brendan"]
[Result "1-0"]
[WhiteElo "1512"]
[BlackElo "1548"]
[PlyCount "67"]
[EventDate "2016.10.18"]
[EventType "swiss"]
[EventRounds "9"]
[EventCountry "USA"]
[SourceTitle "EXT 2018"]
[Source "ChessBase"]
[SourceDate "2017.10.13"]
[SourceVersion "1"]
[SourceVersionDate "2017.10.13"]
[SourceQuality "1"]

1. d4 d5 2. c4 c6 3. Nf3 Nf6 4. Bg5 Bf5 5. Nc3 e6 6. e3 h6 7. Bh4 Bd6 8. Bd3 Bxd3 9. Qxd3 Nbd7 10. 0-0 0-0 11. c5 Be7 12. h3 b6 13. b4 bxc5 14. bxc5 Nh5 15. Bxe7 Qxe7 16. Qa6 Nb8 17. Qa4 Qc7 18. Rab1 a5 19. Rb2 Nd7 20. Rfb1 Ra7 21. e4 g5 22. exd5 exd5 23. Ne5 Nxe5 24. dxe5 Qxe5 25. Nd1 Rc8 26. Qg4 f5 27. Qxh5 Qe1+ 28. Kh2 Qe5+ 29. g3 Qe4 30. Rb8 Rxb8 31. Rxb8+ Kg7 32. Re8 Qd4 33. Re6 Rb7 34. Qg6+ 1-0

[Event "San Francisco Benson Memorial"]
[Site "San Francisco"]
[Date "2016.09.27"]
[Round "9"]
[White "Waharte, Louka"]
[Black "MacIntyre, Brendan"]
[Result "0-1"]
[WhiteElo "1366"]
[BlackElo "1548"]
[PlyCount "76"]
[EventDate "2016.08.02"]
[EventType "swiss"]
[EventRounds "9"]
[EventCountry "USA"]
[SourceTitle "EXT 2018"]
[Source "ChessBase"]
[SourceDate "2017.10.13"]
[SourceVersion "1"]
[SourceVersionDate "2017.10.13"]
[SourceQuality "1"]

1. e4 c5 2. Nf3 Nc6 3. d4 cxd4 4. Nxd4 Nf6 5. Nc3 d6 6. Bc4 g6 7. Bb3 Bg7 8. Be3 0-0 9. f3 Bd7 10. Qd2 Rc8 11. 0-0-0 Na5 12. h4 Nxb3+ 13. Nxb3 a5 14. a3 b5 15. Nd5 Nxd5 16. Qxd5 b4 17. Bd4 Be6 18. Qxa5 Bxb3 19. Qxb4 Bh6+ 20. Kb1 Bxc2+ 21. Ka2 Bxd1 22. Rxd1 Qc7 23. Ka1 Qc2 24. Rg1 Rb8 25. Qe1 Rb7 26. e5 Bg7 27. f4 dxe5 28. fxe5 Rd8 29. Qa5 Rbd7 30. Bc3 Rd1+ 31. Rxd1 Qxd1+ 32. Ka2 Qd5+ 33. Qxd5 Rxd5 34. a4 Bxe5 35. Bb4 Bd6 36. Bc3 e5 37. b4 e4 38. Kb3 e3 0-1

[Event "San Francisco Benson Memorial"]
[Site "San Francisco"]
[Date "2016.09.20"]
[Round "8"]
[White "MacIntyre, Brendan"]
[Black "Boldi, Ethan Vaughn"]
[Result "0-1"]
[WhiteElo "1548"]
[BlackElo "1814"]
[PlyCount "72"]
[EventDate "2016.08.02"]
[EventType "swiss"]
[EventRounds "9"]
[EventCountry "USA"]
[SourceTitle "EXT 2018"]
[Source "ChessBase"]
[SourceDate "2017.10.13"]
[SourceVersion "1"]
[SourceVersionDate "2017.10.13"]
[SourceQuality "1"]

1. d4 e6 2. c4 b6 3. Nc3 Bb4 4. Nf3 Bb7 5. e3 Nf6 6. Be2 d5 7. 0-0 Nbd7 8. Qb3 Bxc3 9. bxc3 0-0 10. Ba3 Re8 11. cxd5 exd5 12. c4 Rb8 13. Qc2 Ne4 14. cxd5 Bxd5 15. Bc4 Bxc4 16. Qxc4 c5 17. dxc5 bxc5 18. Rad1 Qe7 19. Nd4 Ne5 20. Qc2 Qh4 21. Nf5 Qg4 22. Nd6 Nf3+ 23. Kh1 Nxd6 24. Rxd6 Nh4 25. f3 Qh5 26. Qc3 Nf5 27. Rd2 Ng3+ 28. Kg1 Nxf1 29. Kxf1 Rb1+ 30. Ke2 Qxh2 31. Kd3 Re1 32. Bxc5 Qg1 33. e4 Qf1+ 34. Kd4 Rc1 35. Qb4 Qg1+ 36. Kd3 Qxc5 0-1

[Event "San Francisco Benson Memorial"]
[Site "San Francisco"]
[Date "2016.09.06"]
[Round "6"]
[White "Kim, Isaiah T"]
[Black "MacIntyre, Brendan"]
[Result "1-0"]
[WhiteElo "1900"]
[BlackElo "1548"]
[PlyCount "63"]
[EventDate "2016.08.02"]
[EventType "swiss"]
[EventRounds "9"]
[EventCountry "USA"]
[SourceTitle "EXT 2018"]
[Source "ChessBase"]
[SourceDate "2017.10.13"]
[SourceVersion "1"]
[SourceVersionDate "2017.10.13"]
[SourceQuality "1"]

1. d4 d5 2. c4 Nf6 3. cxd5 Nxd5 4. Nf3 e6 5. e4 Nf6 6. Nc3 Be7 7. Bd3 Nc6 8. 0-0 0-0 9. e5 Nd5 10. Ne4 f5 11. exf6 Bxf6 12. Nfg5 h6 13. Qh5 Nxd4 14. Nh7 Rf7 15. Bxh6 gxh6 16. Nexf6+ Nxf6 17. Qg6+ Rg7 18. Nxf6+ Kf8 19. Qxh6 Nf3+ 20. Kh1 Qxd3 21. Nh5 Qh7 22. Qf6+ Kg8 23. Qd8+ Kf7 24. Qxc7+ Kg6 25. Nxg7 Nxh2 26. Qxh2 Qxg7 27. Rfd1 Qxb2 28. Qg3+ Kf5 29. Rab1 Qc2 30. Qg7 Qe2 31. g4+ Kf4 32. Rb4+ 1-0

[Event "San Francisco TNM Summer op"]
[Site "San Francisco"]
[Date "2016.07.12"]
[Round "8"]
[White "MacIntyre, Brendan"]
[Black "Smith Iii, Robert H"]
[Result "0-1"]
[WhiteElo "1554"]
[BlackElo "1770"]
[PlyCount "84"]
[EventDate "2016.05.24"]
[EventType "swiss"]
[EventRounds "8"]
[EventCountry "USA"]
[SourceTitle "EXT 2018"]
[Source "ChessBase"]
[SourceDate "2017.10.13"]
[SourceVersion "1"]
[SourceVersionDate "2017.10.13"]
[SourceQuality "1"]

1. d4 c6 2. c4 d5 3. e3 Nf6 4. Nc3 e6 5. Nf3 Be7 6. Bd3 dxc4 7. Bxc4 b5 8. Bd3 Bb7 9. 0-0 a6 10. b3 Nbd7 11. Bb2 0-0 12. Rc1 Rc8 13. e4 c5 14. e5 Nd5 15. Ne4 cxd4 16. Bxd4 Rxc1 17. Qxc1 Qa8 18. Nd6 Bxd6 19. exd6 N5f6 20. Qf4 Be4 21. Be2 Rc8 22. Rc1 Rxc1+ 23. Qxc1 Qc6 24. Qxc6 Bxc6 25. Ne5 Nxe5 26. Bxe5 Nd7 27. f4 Nxe5 28. fxe5 Kf8 29. Kf2 f6 30. Bf3 Bxf3 31. Kxf3 Ke8 32. Ke4 b4 33. Kd4 Kd7 34. g4 h6 35. h4 Ke8 36. Ke4 Kd8 37. h5 fxe5 38. g5 hxg5 39. Kf3 Kd7 40. Kg4 Kxd6 41. Kxg5 e4 42. Kf4 Kd5 0-1

[Event "San Francisco TNM Summer op"]
[Site "San Francisco"]
[Date "2016.07.05"]
[Round "7"]
[White "Shnaiderman, Lazar"]
[Black "MacIntyre, Brendan"]
[Result "1/2-1/2"]
[WhiteElo "1808"]
[BlackElo "1554"]
[PlyCount "61"]
[EventDate "2016.05.24"]
[EventType "swiss"]
[EventRounds "8"]
[EventCountry "USA"]
[SourceTitle "EXT 2018"]
[Source "ChessBase"]
[SourceDate "2017.10.13"]
[SourceVersion "1"]
[SourceVersionDate "2017.10.13"]
[SourceQuality "1"]

1. d4 d5 2. c4 c6 3. Nc3 Nf6 4. Nf3 Bf5 5. cxd5 cxd5 6. Qb3 b6 7. e3 e6 8. Bb5+ Nbd7 9. Ne5 Bd6 10. Nxd7 Nxd7 11. Qa4 h5 12. Bd2 Qc7 13. Rc1 Qd8 14. 0-0 a6 15. Bxd7+ Qxd7 16. Qxd7+ Kxd7 17. f3 Rac8 18. e4 dxe4 19. fxe4 Bg6 20. e5 Bc7 21. Na4 Rhd8 22. Bg5 Rf8 23. Be3 Bd3 24. Rfd1 Bb5 25. Nc3 Bc4 26. b3 Bd5 27. Nxd5 exd5 28. Rc2 Bb8 29. Rdc1 Rxc2 30. Rxc2 Rc8 31. Rxc8 1/2-1/2

[Event "San Francisco TNM Spring op"]
[Site "San Francisco"]
[Date "2016.04.12"]
[Round "5"]
[White "MacIntyre, Brendan"]
[Black "Aafjes, Marc"]
[Result "1-0"]
[WhiteElo "1500"]
[BlackElo "1311"]
[PlyCount "75"]
[EventDate "2016.03.15"]
[EventType "swiss"]
[EventRounds "8"]
[EventCountry "USA"]
[SourceTitle "EXT 2018"]
[Source "ChessBase"]
[SourceDate "2017.10.13"]
[SourceVersion "1"]
[SourceVersionDate "2017.10.13"]
[SourceQuality "1"]

1. d4 d5 2. c4 Nf6 3. Nc3 e6 4. Bf4 Bd7 5. e3 dxc4 6. Bxc4 Bd6 7. Bg5 0-0 8. Nf3 Nc6 9. 0-0 Ne7 10. e4 Bb4 11. Qc2 c6 12. Bd3 h6 13. Bxf6 gxf6 14. Ne2 Ng6 15. h4 f5 16. h5 Nh4 17. Ne5 fxe4 18. Bxe4 f5 19. Bf3 Qg5 20. Qd3 Be8 21. g4 Bxh5 22. Qb3 Rae8 23. Ng3 Nxf3+ 24. Nxf3 Qxg4 25. Nh2 Qxd4 26. Nxh5 Bd6 27. Rad1 Bxh2+ 28. Kxh2 Qh4+ 29. Qh3 Qxh3+ 30. Kxh3 Re7 31. Rd6 f4 32. Rg1+ Kh7 33. Re1 Rf5 34. Kh4 e5 35. Kg4 Rg5+ 36. Kh4 Rg6 37. Rxg6 Kxg6 38. Nxf4+ 1-0

[Event "San Francisco TNM Spring op"]
[Site "San Francisco"]
[Date "2016.03.22"]
[Round "2"]
[White "Walder, Michael S"]
[Black "MacIntyre, Brendan"]
[Result "1-0"]
[WhiteElo "2109"]
[BlackElo "1500"]
[PlyCount "55"]
[EventDate "2016.03.15"]
[EventType "swiss"]
[EventRounds "8"]
[EventCountry "USA"]
[SourceTitle "EXT 2018"]
[Source "ChessBase"]
[SourceDate "2017.10.13"]
[SourceVersion "1"]
[SourceVersionDate "2017.10.13"]
[SourceQuality "1"]

1. c4 c5 2. g3 g6 3. Bg2 Bg7 4. Nc3 Nf6 5. Nf3 d6 6. d4 cxd4 7. Nxd4 Nbd7 8. 0-0 0-0 9. b3 Rb8 10. h3 Qb6 11. Be3 Nc5 12. Qd2 Bd7 13. Rab1 Qd8 14. b4 Ne6 15. Rfc1 a6 16. Nd5 b5 17. Nxf6+ Bxf6 18. Nc6 Bxc6 19. Bxc6 bxc4 20. Rxc4 a5 21. b5 h5 22. Ra4 Qc7 23. Rc1 Rfc8 24. Rxa5 Bd4 25. Ra6 Bxe3 26. Qxe3 Rxb5 27. Ra7 Qb8 28. Ra8 1-0

[Event "San Francisco TNM Winter op"]
[Site "San Francisco"]
[Date "2016.01.26"]
[Round "4"]
[White "Gerwin, Gene"]
[Black "MacIntyre, Brendan"]
[Result "0-1"]
[WhiteElo "1859"]
[BlackElo "1500"]
[PlyCount "60"]
[EventDate "2016.01.05"]
[EventType "swiss"]
[EventRounds "8"]
[EventCountry "USA"]
[SourceTitle "EXT 2018"]
[Source "ChessBase"]
[SourceDate "2017.10.13"]
[SourceVersion "1"]
[SourceVersionDate "2017.10.13"]
[SourceQuality "1"]

1. b3 d5 2. Bb2 c5 3. e3 Nf6 4. f4 Bf5 5. Nf3 Nc6 6. Bb5 Qb6 7. Bxc6+ Qxc6 8. d3 Nd7 9. Nbd2 f6 10. 0-0 Bg6 11. Qe2 e6 12. e4 dxe4 13. dxe4 Be7 14. f5 Bf7 15. e5 0-0 16. fxe6 Bxe6 17. exf6 Bxf6 18. Bxf6 Nxf6 19. Ne5 Qb6 20. Ndc4 Bxc4 21. Qxc4+ Kh8 22. Nf7+ Kg8 23. Nd8+ Kh8 24. Ne6 Rfc8 25. Rf5 Nd7 26. Nxg7 Qg6 27. Qf7 Qxg7 28. Raf1 Qd4+ 29. Kh1 Rf8 30. Qxd7 Qxd7 0-1

[Event "San Francisco TNM Winter op"]
[Site "San Francisco"]
[Date "2016.01.12"]
[Round "2"]
[White "Steger, Eric Alan"]
[Black "MacIntyre, Brendan"]
[Result "1-0"]
[WhiteElo "2038"]
[BlackElo "1500"]
[PlyCount "77"]
[EventDate "2016.01.05"]
[EventType "swiss"]
[EventRounds "8"]
[EventCountry "USA"]
[SourceTitle "EXT 2018"]
[Source "ChessBase"]
[SourceDate "2017.10.13"]
[SourceVersion "1"]
[SourceVersionDate "2017.10.13"]
[SourceQuality "1"]

1. e4 c5 2. Nf3 Nc6 3. Bb5 g6 4. 0-0 Bg7 5. Re1 a6 6. Bxc6 dxc6 7. h3 Nf6 8. d3 0-0 9. Nbd2 Qc7 10. a4 b5 11. Nb3 c4 12. Nc5 Nd7 13. Nxd7 Bxd7 14. dxc4 b4 15. Rb1 c5 16. b3 Rad8 17. Qe2 Bc6 18. Bb2 Rd7 19. Bxg7 Kxg7 20. Rbd1 Rfd8 21. Rd3 Qb7 22. Ne5 Rd6 23. Qe3 Rd4 24. Nxc6 Qxc6 25. f3 Qf6 26. Red1 e5 27. g3 Qe6 28. Kg2 f6 29. Rxd4 cxd4 30. Qd3 Rc8 31. a5 Qd6 32. Ra1 g5 33. Qd2 Kg6 34. f4 h6 35. fxg5 hxg5 36. Qf2 Qe6 37. g4 Qd7 38. Ra4 Rxc4 39. Qf5+ 1-0

[Event "San Francisco TNM Fall op"]
[Site "San Francisco"]
[Date "2015.12.08"]
[Round "8"]
[White "Chan, John"]
[Black "MacIntyre, Brendan"]
[Result "1-0"]
[WhiteElo "1612"]
[BlackElo "1688"]
[PlyCount "107"]
[EventDate "2015.10.20"]
[EventType "swiss"]
[EventRounds "9"]
[EventCountry "USA"]
[SourceTitle "EXT 2023"]
[Source "ChessBase"]
[SourceDate "2022.10.05"]
[SourceVersion "1"]
[SourceVersionDate "2022.10.05"]
[SourceQuality "1"]

1. d4 d5 2. Nf3 Nf6 3. h3 e6 4. a3 c5 5. Bg5 Nbd7 6. e3 Be7 7. Nc3 0-0 8. Be2 Ne8 9. Bf4 Qb6 10. Rb1 Ndf6 11. 0-0 Nd6 12. Na4 Qd8 13. Nxc5 Nde4 14. Nxe4 Nxe4 15. Bd3 f5 16. Bxe4 fxe4 17. Ne5 Bf6 18. Ng4 Bd7 19. Re1 Be8 20. Nh2 Bg6 21. Rc1 Qb6 22. b4 Bxd4 23. c4 Bb2 24. c5 Qd8 25. Rb1 Bf6 26. Rb3 d4 27. Bd6 Rf7 28. exd4 Be7 29. Be5 Qd5 30. Rb2 Bf6 31. Ng4 Rd8 32. Bxf6 gxf6 33. Nh6+ Kg7 34. Nxf7 Kxf7 35. Rd2 e5 36. Qc1 exd4 37. Red1 d3 38. Re1 f5 39. b5 Rc8 40. c6 bxc6 41. bxc6 Rxc6 42. Qb2 Rb6 43. Qc3 Rc6 44. Qb2 Rb6 45. Qa2 Rb3 46. Rc1 a5 47. Rc7+ Ke6 48. Qa1 a4 49. Qc1 Kd6 50. Rc8 Rb7 51. g3 Qb5 52. Kh2 h5 53. Qc3 Rf7 54. Qd4+ 1-0

[Event "San Francisco TNM Fall op"]
[Site "San Francisco"]
[Date "2015.11.24"]
[Round "6"]
[White "Nassif, Wassim J"]
[Black "MacIntyre, Brendan"]
[Result "0-1"]
[WhiteElo "1368"]
[BlackElo "1688"]
[PlyCount "78"]
[EventDate "2015.10.20"]
[EventType "swiss"]
[EventRounds "9"]
[EventCountry "USA"]
[SourceTitle "EXT 2023"]
[Source "ChessBase"]
[SourceDate "2022.10.05"]
[SourceVersion "1"]
[SourceVersionDate "2022.10.05"]
[SourceQuality "1"]

1. e4 c5 2. Nf3 Nc6 3. Bc4 d6 4. 0-0 Nf6 5. d3 g6 6. Nc3 Bg7 7. a3 0-0 8. Be3 Ng4 9. Bf4 Nge5 10. Bb3 Nxf3+ 11. Qxf3 Nd4 12. Qe3 Nxb3 13. cxb3 Bd4 14. Qg3 Be6 15. Nd5 Bxd5 16. exd5 Qb6 17. Bc1 Qxb3 18. Rb1 Qxd5 19. Be3 Be5 20. Bf4 Bxf4 21. Qxf4 Qxd3 22. Rfe1 Rfe8 23. Rbd1 Qb3 24. Rd2 Qb6 25. Rde2 e6 26. Qd2 d5 27. Qc3 Rac8 28. Re5 c4 29. Rd1 Red8 30. Rd4 Qd6 31. Re3 e5 32. Rh4 d4 33. Qb4 dxe3 34. Qxd6 Rxd6 35. fxe3 Rd2 36. Re4 f6 37. Kf1 Rxb2 38. Rxc4 Rxc4 39. h3 Rc1# 0-1

[Event "San Francisco TNM Summer op"]
[Site "San Francisco"]
[Date "2014.07.08"]
[Round "7"]
[White "Montoya, Daniel"]
[Black "MacIntyre, Brendan"]
[Result "0-1"]
[WhiteElo "1570"]
[BlackElo "1655"]
[PlyCount "64"]
[EventDate "2013.05.28"]
[EventType "swiss"]
[EventRounds "8"]
[EventCountry "USA"]
[SourceTitle "EXT 2016"]
[Source "ChessBase"]
[SourceDate "2015.10.08"]
[SourceVersion "1"]
[SourceVersionDate "2015.10.08"]
[SourceQuality "1"]

1. e4 c5 2. d4 cxd4 3. c3 dxc3 4. Nxc3 Nc6 5. Nf3 Nf6 6. Bc4 e6 7. 0-0 Be7 8. Bf4 a6 9. Qe2 0-0 10. e5 Nh5 11. Bd2 d5 12. Bb3 g6 13. Ne1 Nd4 14. Qd1 Nxb3 15. Qxb3 Qc7 16. g4 Ng7 17. Bf4 b5 18. Rc1 Qd7 19. Ne2 Bb7 20. Nd4 Rfc8 21. Nec2 Rc4 22. Qh3 f6 23. Rfe1 f5 24. gxf5 exf5 25. b3 Rc5 26. Rcd1 Ne6 27. Nxe6 Rxc2 28. Nd4 Rc5 29. Qg3 Qc8 30. e6 Rc3 31. Qg2 Qf8 32. Nf3 d4 0-1

[Event "San Francisco TNM Summer op"]
[Site "San Francisco"]
[Date "2014.07.01"]
[Round "6"]
[White "McKellar, Daniel"]
[Black "MacIntyre, Brendan"]
[Result "1-0"]
[WhiteElo "1529"]
[BlackElo "1723"]
[PlyCount "93"]
[EventDate "2014.05.27"]
[EventType "swiss"]
[EventRounds "8"]
[EventCountry "USA"]
[SourceTitle "EXT 2016"]
[Source "ChessBase"]
[SourceDate "2015.10.08"]
[SourceVersion "1"]
[SourceVersionDate "2015.10.08"]
[SourceQuality "1"]

1. e4 c5 2. Nf3 Nc6 3. d4 cxd4 4. Nxd4 d6 5. Nc3 g6 6. Be3 Bg7 7. Bc4 Nf6 8. f3 0-0 9. Qd2 a5 10. 0-0-0 Bd7 11. g4 Ne5 12. Be2 Rc8 13. Kb1 Nc4 14. Bxc4 Rxc4 15. h4 h5 16. g5 Ne8 17. f4 Nc7 18. e5 Bg4 19. Nde2 b5 20. Bb6 Qc8 21. exd6 Bxe2 22. dxe7 Bxd1 23. exf8Q+ Qxf8 24. Rxd1 b4 25. Ne2 a4 26. Qd7 Ne6 27. Be3 b3 28. axb3 axb3 29. cxb3 Re4 30. Qd3 Qb4 31. Bd2 Qb7 32. b4 Bf8 33. Qf3 Rxb4 34. Qxb7 Rxb7 35. Bc3 Rc7 36. Be5 Rc4 37. b3 Re4 38. Rd2 Nc5 39. Kc2 Ne6 40. Kd1 Re3 41. Nd4 Nc5 42. Nc2 Rxb3 43. Rd8 Ne6 44. Nd4 Rd3+ 45. Ke2 Nc5 46. Bd6 Rxd4 47. Rxf8+ 1-0